000
00298nam a22001337a 4500
008
171017b xxu||||| |||| 00| 0 eng d
020
_a
9780072961447
041
_a
eng
080
_2
8TH
_a
338
100
_a
53
101
_a
MEN
245
_a
NEW PRODUCTS MANAGEMENT
_c
CRAWFORD,M
942
_2
udc
_c
BK
999
_c
34508
_d
34508